000 00699nam a2200217Ia 4500
003 OSt
005 20250304160025.0
008 210716s1999 xx 000 0 und d
020 _a9781893122031
040 _cAIMIT LIBRARY
041 _aeng
082 _a658.406
_21
_bWHIJ
100 _aWhitney, John O.
_9203864
245 _aTaking management guide to troubled companies and turnaround charge /
_cBy John O Whitney.
250 _a1st ed.
260 _aWashington ;
_c1999.
_bBeard Books :
300 _axv,283p. ;
_bPB
_c23 cm.
650 _aMarketing in the turnarounds early stages
_9203865
650 _aNew organizational requirements
_9203866
942 _2ddc
_cBK
_e1st ed.
_k658.406 WHIJ
999 _c206518
_d206518